| 000 | 00619nam a2200205Ia 4500 | ||
|---|---|---|---|
| 003 | IN-BaIIA | ||
| 008 | 211028s9999 xx 000 0 eng d | ||
| 020 | _a4-8337-0013-1 | ||
| 040 | _cIIA Library | ||
| 080 |
_a621.38 _bKUO |
||
| 100 |
_aKuo, B. C. _913198 |
||
| 245 | 0 |
_aDigital control systems _cB. C. Kuo |
|
| 260 |
_aNew York _bHolt Rinehard and Winston _c1980 |
||
| 300 | _axiv, 730p. | ||
| 490 | _aHRW series in electrical and computer engineering | ||
| 650 |
_aControl _94975 |
||
| 650 |
_aDigital systems _99968 |
||
| 650 | _aNASA thesaurus | ||
| 942 | _cBK | ||
| 999 |
_c7823 _d7823 |
||